IFM Opac

Knowledge and ignorance in economics (Record no. 13965)

MARC details
000 -LEADER
fixed length control field 00401nam a22001577a 4500
020 ## - INTERNATIONAL STANDARD BOOK NUMBER
International Standard Book Number 0631175601
082 ## - DEWEY DECIMAL CLASSIFICATION NUMBER
Classification number 330.1HUT
100 ## - MAIN ENTRY--PERSONAL NAME
Personal name Hutchison, T.W.
245 ## - TITLE STATEMENT
Title Knowledge and ignorance in economics
260 ## - PUBLICATION, DISTRIBUTION, ETC.
Place of publication, distribution, etc. Britain
Name of publisher, distributor, etc. Basil Blackwell
Date of publication, distribution, etc. 1977
300 ## - PHYSICAL DESCRIPTION
Extent 186p
Other physical details 25cm
500 ## - GENERAL NOTE
General note Includes Index
650 ## - SUBJECT ADDED ENTRY--TOPICAL TERM
Topical term or geographic name entry element Knowledge and ignorance in economics
700 ## - ADDED ENTRY--PERSONAL NAME
Personal name Hutchison, T.W.
942 ## - ADDED ENTRY ELEMENTS (KOHA)
Koha item type Books
Holdings
Withdrawn status Lost status Damaged status Not for loan Home library Current library Shelving location Date acquired Total Checkouts Full call number Barcode Date last seen Price effective from Koha item type
Withdrawn       IFM Main Campus Library IFM Main Campus Library Archival Collection 11/13/2015   330.1HUT 0000008691 11/13/2015 02/19/2022 Books